Statistiques concernant Disney paroles - Je veux y croire (Raiponce)

Cliquez ici pour prendre le quiz!

Statistiques générales

  • Ce quiz a été pris 574 fois
    (553 depuis la dernière actualisation)
  • Le résultat moyen est 168 sur 184

Statistiques - réponses

Réponse% Correct
je
99%
Je
99%
ce
98%
croire.
97%
croire
97%
97%
la
97%
le
97%
à
96%
a
96%
dans
96%
en
96%
Et
96%
et
96%
Me
95%
me
95%
suis
95%
tout
95%
Tout
95%
veux
95%
y
95%
de
94%
ma
94%
nous.
94%
temps
94%
est
93%
les
93%
Les
93%
vois
93%
vois,
93%
ciel
92%
étoilé.
92%
mes
92%
sans
92%
s'est
92%
éclairé
91%
éclairé.
91%
jamais
91%
monde
91%
sous
91%
vie
91%
vie.
91%
vous.
91%
enfin
90%
l'avenir
90%
L'avenir
90%
levé.
90%
lumières
90%
pensées.
90%
soudain
90%
voilà
90%
toute
89%
du
88%
éblouie.
88%
éblouie
88%
pour
88%
que
88%
brillent
87%
caché
87%
car
87%
Elle
87%
nuit.
87%
regard
87%
si
87%
soir,
87%
l'endroit.
86%
levée.
86%
sais.
86%
vérité.
86%
brume
85%
85%
Tant
85%
d'années
84%
jour
84%
loin
84%
vais.
84%
changé.
83%
voir
83%
vraie
83%
Maintenant
82%
sens
82%
voile
82%
comprendre
81%
ni
81%
rêver
81%
scintillent
81%
chasser
80%
différent.
80%
douceur
80%
l'ennui.
80%
partout.
80%
semble
80%
devine
78%
L'air
77%
doux.
76%
réjouis
74%
avancer.
73%
sentir
73%

Distribution des résultats

Percentile par nombre de réponses

% des personnes avec chaque résultat

Votre développement - résultats

Vous n’avez pas pris ce quiz depuis la dernière actualisation